000 00481nam a22001697a 4500
005 20260227155828.0
008 260227b |||||||| |||| 00| 0 eng d
020 _a978-0-418-52849-3
100 _aZUMDAHL, STEVEN S.
245 _aSTUDY GUIDE CHEMISTRY
250 _a7TH ED
260 _aBOSTON
_bHOUGHTON MIFFLIN
_c2007
300 _aV, 496P
650 _a1. CHEMISTRY STUDY GUIDES 2. CHEMISTRY -PROBLEMS, EXERCISES ETC
700 _aZUMDAHL, SUSAN ARENA
942 _2lcc
_cBK
999 _c216723
_d216723